000 00582nam a2200229 a 4500
999 _c4409
_d4409
001 4409
003 BD-JhCC
005 20171127102148.0
008 171127s19601963e p|||| || | 001 0 eng d
035 _a(BD-JhCC)4409
040 _aBD-JhCC
_dBD-JhCC
041 _aeng
082 _a371
_bGre 1963
100 _aGreen, L. L.
245 _aThe Visual Approach to Teaching /
_cL. L. Green,
260 _aLondon :
_bOxford University Press,
_c1963.
300 _a421 p. :
_bill. ;
_c18 cm.
504 _aincludes index
650 _aEducation
942 _2ddc
_cBK